ECONOMIC LIBERALIZATION AND REGIONAL DISPARITIES IN INDIA (Record no. 14196)
[ view plain ]
| 000 -LEADER | |
|---|---|
| fixed length control field | 00439cam a2200169ua 4500 |
| 008 - FIXED-LENGTH DATA ELEMENTS--GENERAL INFORMATION | |
| fixed length control field | 131026n II |||gr||||Z||||||eng |
| 040 ## - CATALOGING SOURCE | |
| Original cataloging agency | MAIN |
| 041 ## - LANGUAGE CODE | |
| -- | English |
| 082 ## - DEWEY DECIMAL CLASSIFICATION NUMBER | |
| Classification number | 330 MAH |
| 100 ## - MAIN ENTRY--PERSONAL NAME | |
| Personal name | MAHAPATRA, A. C. |
| 245 ## - TITLE STATEMENT | |
| Title | ECONOMIC LIBERALIZATION AND REGIONAL DISPARITIES IN INDIA |
| 260 ## - PUBLICATION, DISTRIBUTION, ETC. | |
| Place of publication, distribution, etc. | [s.l]: |
| Name of publisher, distributor, etc. | STAR PUBLISHINGHOUSE, |
| Date of publication, distribution, etc. | 2003. |
| 300 ## - PHYSICAL DESCRIPTION | |
| Extent | 238: |
| Dimensions | 22CM. |
| 700 ## - ADDED ENTRY--PERSONAL NAME | |
| Personal name | PATHAK, CHITTA RANJAN. |
| 942 ## - ADDED ENTRY ELEMENTS (KOHA) | |
| Koha item type | Books |
| Withdrawn status | Lost status | Damaged status | Not for loan | Collection code | Home library | Current library | Shelving location | Date acquired | Total Checkouts | Full call number | Barcode | Date last seen | Date last checked out | Copy number | Price effective from | Koha item type | Public note |
|---|---|---|---|---|---|---|---|---|---|---|---|---|---|---|---|---|---|
| REFGEO | Central Library and Information Centre Sibsagar Girls College | Central Library and Information Centre Sibsagar Girls College | GEOGRAPHY BOOK RACK | 14.03.2005 | 1 | 330 MAH | 19105 | 27.11.2021 | 11.11.2021 | 1 | 27.02.2020 | Books | V |